00786 2200265 4500001002100000005001700021008004100038035002400079082001000103090001700113100003600130245013400166250001100300260003100311300001900342500004300361650001100404700002600415710002200441850001500463980001100478985000600489986001000495999001500505YOGYA-0209000001290920090227022253.0 ind  0010-020900000012909 a297.5 a297.5bHaf K aHAFIZH BIN AHMAD HAKAMY, Syaikh aKunsi akodah IslamcSyaikh Hafizh Bin Ahmad Hakamy ; penerjemah, Wardattul Mufattahah, Izzatul Manaya ; editor, Tim Editor Mantiq aCet. 1 aSolobPustaka Mantiqc1995 a296 hlmc18 cm aJudul Asli: 200 Swa Al Wa Jawaal Fil.. aAqidah aMufattahah, Wardattul aTim Editor Mantiq aYOPDYOG(B) a170605 a1 aambar a98P0106064